| 000 | 00522nam a22001817a 4500 | ||
|---|---|---|---|
| 005 | 20171106124445.0 | ||
| 010 | _aENG-121231 | ||
| 020 |
_c200.00 _a9789350451458 |
||
| 035 | _aEN-104763 | ||
| 037 | _bDBAD/PUB | ||
| 082 | _a881 | ||
| 100 | _aNita B. George | ||
| 245 |
_aConfessions and other poems / _cby Nita B. George |
||
| 260 |
_aCalcutta _bA Writers Workshop Publication _c2016 |
||
| 270 |
_a162/92 Lake Gardens _bCalcutta _e700045 |
||
| 300 |
_a92p. _c22cm(Hb) |
||
| 942 |
_2ddc _cEN _h881 _mGEO |
||
| 999 |
_c147188 _d147188 |
||